Free For All How Linux And The Free Software Movement Undercut (Record no. 300757)

MARC details
000 -LEADER
fixed length control field 00444nam a2200157Ia 4500
008 - FIXED-LENGTH DATA ELEMENTS--GENERAL INFORMATION
fixed length control field 230718s9999 xx 000 0 und d
041 ## - LANGUAGE CODE
Language code of text/sound track or separate title eng
082 ## - DEWEY DECIMAL CLASSIFICATION NUMBER
Classification number 005.4459
Item number WAY
100 ## - MAIN ENTRY--PERSONAL NAME
Personal name Wayner P.
9 (RLIN) 176082
245 ## - TITLE STATEMENT
Title Free For All How Linux And The Free Software Movement Undercut
260 ## - PUBLICATION, DISTRIBUTION, ETC. (IMPRINT)
Date of publication, distribution, etc. 2000
Name of publisher, distributor, etc. Harper Business
300 ## - PHYSICAL DESCRIPTION
Extent 340
365 ## - TRADE PRICE
Currency code Rs.
Price amount 1040.60
700 ## - ADDED ENTRY--PERSONAL NAME
Personal name Wayner Peter
9 (RLIN) 143340
906 ## - LOCAL DATA ELEMENT F, LDF (RLIN)
d B:612317-Oct-2000
c COMP
b 156.9
Holdings
Withdrawn status Lost status Damaged status Not for loan Home library Current library Date acquired Vendor Budget Code Cost, normal purchase price Bill number Total Checkouts Full call number Barcode Date last seen Discount Cost, replacement price Bill Date Koha item type Original Barcode
        Cummins College of Engineering for Women Pune Cummins College of Engineering for Women Pune 07/11/2000 Technical Book Services COMP 883.70 6123   005.4459 CCEP-BK-11963 18/07/2023 156.9 1040.60 17/10/2000 Books 011963